Language Quiz

Random Language or Letter Quiz

Word Wheels VIII Quiz Stats

 Plays Quiz Updated Mar 19, 2020

Support Sporcle.
Go Orange.
Score 0/12 Timer 06:00
2 Plays Today
% Correct
C - Junction
88.4%
D - Drawback
87.6%
O - Opossums
87.4%
K - Knighted
84.7%
X - Explored
83.9%
M - Quagmire
81.7%
B - Abandons
81.4%
G - Fragrant
80.1%
S - Asphalts
79.8%
H - Freshman
79.6%
V - Lavender
79%
E - Earliest
76.8%

From the Vault

Bordering 'D' Countries on a Map

by RobPro

Don't miss Djibouti, it's pretty small.
Remove Ads.
Support Sporcle.
Get the best of Sporcle when you Go Orange. This ad-free experience offers more features, more stats, and more fun while also helping to support Sporcle. Thank you for becoming a member.

Show Comments

Extras

Top Quizzes Today


Score Distribution

Your Account Isn't Verified!

In order to create a playlist on Sporcle, you need to verify the email address you used during registration. Go to your Sporcle Settings to finish the process.

Report this User

Report this user for behavior that violates our Community Guidelines.

Details: